| 000 | 00958nam a2200289Ia 4500 | ||
|---|---|---|---|
| 003 | OSt | ||
| 005 | 20221007121029.0 | ||
| 006 | a|||||r|||| 00| 0 | ||
| 007 | ta | ||
| 008 | 221006b |||||||| |||| 00| 0 eng d | ||
| 020 | _a9780198568735 (pbk) | ||
| 024 | _a88413 | ||
| 037 |
_b622, 04/12/2009, Dhanraj Book House _cTextbook |
||
| 040 |
_aBDL _cBDL _beng |
||
| 041 |
_2eng _aeng |
||
| 082 | _aI:5(U3), P7 Carb | ||
| 100 |
_aAusden Malcolm _9710529 |
||
| 245 | 0 | _aHabitat management for conservation:a handbook of techniques | |
| 260 |
_aOxford _bOxfrord University Press _c2007 |
||
| 490 | _aTechniques in ecology and conservation series | ||
| 500 | _aReferences 371-398p.; Index 399-411p. | ||
| 650 |
_a Consevation _9710530 |
||
| 650 |
_a Habitat management _9710531 |
||
| 650 | _aBotany | ||
| 942 |
_hI:5(U3), P7 Carb _cTB _2CC |
||
| 999 |
_c1208354 _d1208354 |
||